Information Technology, communication and distance education / (Record no. 144912)

MARC details
000 -LEADER
fixed length control field 00649nam a22001937a 4500
010 ## - LCCN (DPL NO)
LC control number ENG-120705
020 ## - INTERNATIONAL STANDARD BOOK NUMBER
International Standard Book Number 9789384402570
Terms of availability 750.00
035 ## - SYSTEM CONTROL NUMBER
System control number EN-104237
037 ## - SOURCE OF ACQUISITION
Source of stock number/acquisition DBAD/PUB
082 ## - DEWEY DECIMAL CLASSIFICATION NUMBER
Classification number 371.33
100 ## - MAIN ENTRY--PERSONAL NAME
Personal name Dhillon, Shamshir Singh
245 ## - TITLE STATEMENT
Title Information Technology, communication and distance education /
Statement of responsibility, etc by Shamshir Singh Dhillon [and] Ranjit Kaur
260 ## - PUBLICATION, DISTRIBUTION, ETC. (IMPRINT)
Place of publication, distribution, etc Delhi
Name of publisher, distributor, etc Gyan Geeta Prakashan
Date of publication, distribution, etc 2015
270 ## - ADDRESS
Address F-7, Gali No.1, Panchsheel Garden Ext. Naveen Shahdara,
City Delhi
Postal code 110032
300 ## - PHYSICAL DESCRIPTION
Extent x,312p.
Other physical details 22cm(Hb).
500 ## - GENERAL NOTE
General note Include Index
700 ## - ADDED ENTRY--PERSONAL NAME
Personal name Kaur, Ranjit
942 ## - ADDED ENTRY ELEMENTS (KOHA)
Source of classification or shelving scheme Dewey Decimal Classification
Item type English Books
Classification part 371.33
Call number suffix DHI
Holdings
Withdrawn status Lost status Not for loan Collection code Home library Current library Date acquired Source of acquisition Cost, normal purchase price Full call number Barcode Copy number Cost, replacement price Koha item type
    Not For Loan Non-fiction D.B.Act.Division Bawana 19/09/2017 DBAD/PUB 750.00 371.33 DHI EN-104237 1 750.00 English Books

© Delhi Public Library
Hit Counter
free hit counter